| 000 | 00420nam a22001451a 4500 | ||
|---|---|---|---|
| 020 | _a9788170814283 | ||
| 082 |
_aS 181.48 _bYOG/B |
||
| 245 |
_aBrahma sutra sankara bhashyam (v.3)/ _cYogeshwardutt Sharma Parasharah. |
||
| 260 |
_aDelhi: _bNag, _c1998. |
||
| 300 | _a1094-1660p. | ||
| 500 | _aSharma Yogeswaradutta | ||
| 650 |
_aPhilosophy _9113480 |
||
| 700 |
_aYogeshwardutt Sharma Parasharah (ed.) _9113481 |
||
| 942 | _cBK | ||
| 999 |
_c5880 _d5880 |
||